Loading...
| History - Ancient | 1 | 2 | 0 | 0 | 35 | 39 | 77.67 | 1 | 2 | 14.40 | 28.45 |
| Fine Arts - Other Arts | 1 | 1 | 1 | 0 | 20 | 78 | 88.00 | 0 | 1 | 4.99 | 7.69 |
| History - European | 0 | 3 | 3 | 1 | 15 | 89 | 121.00 | 0 | 0 | 2.50 | 7.31 |
| Literature - American | 1 | 0 | 0 | 0 | 15 | 63 | 63.00 | 0 | 1 | 4.10 | 5.77 |
| History - World | 0 | 3 | 3 | 2 | 15 | 127 | 131.33 | 0 | 0 | 0.17 | 5.26 |
| Fine Arts - Classical Music and Opera | 0 | 1 | 0 | 0 | 10 | 120 | 120.00 | 0 | 0 | 0.54 | 1.40 |
| History - Other | 0 | 1 | 0 | 0 | 10 | 136 | 136.00 | 0 | 0 | 0.18 | 10.42 |
| Philosophy | 0 | 1 | 0 | 0 | 10 | 122 | 122.00 | 0 | 1 | 1.08 | 6.15 |
| Geography | 0 | 0 | 0 | 0 | 0 | 0.00 | 0 | 0 | 0.00 | 0.00 | |
| Science - Other | 0 | 0 | 0 | 0 | 0 | 0.00 | 0 | 0 | 0.00 | 0.00 | |
| History - American | 0 | 1 | 3 | 0 | -5 | 101 | 101.00 | 0 | 0 | 1.94 | 1.54 |